[Event "Utrecht OKU op-B"]
[Site "Utrecht"]
[Date "2000.05.20"]
[Round "3"]
[White "Kalinalti, C."]
[Black "Vellekoop, Kees"]
[Result "0-1"]
[WhiteElo "1750"]
[BlackElo "1655"]
[PlyCount "100"]
[EventDate "2000.05.??"]
[EventType "swiss"]
[EventRounds "6"]
[EventCountry "NED"]
[SourceTitle "EXT 2002"]
[Source "ChessBase"]
[SourceDate "2001.11.25"]
[SourceVersion "1"]
[SourceVersionDate "2001.11.25"]
[SourceQuality "1"]

1. Nc3 Nf6 2. Nf3 d5 3. d4 Bf5 4. Bg5 c6 5. e3 e6 6. Bd3 Be7 7. h3 Nbd7 8. g4 Bxd3 9. Qxd3 Qc7 10. Ne5 Bd6 11. f4 Nb6 12. Bxf6 gxf6 13. Nf3 0-0-0 14. g5 fxg5 15. Nxg5 h6 16. Nh7 Qe7 17. Rg1 f5 18. a4 Rxh7 19. a5 Nd7 20. a6 b6 21. Ne2 Rg7 22. Rh1 Qh4+ 23. Kd2 Rdg8 24. Qc3 Kc7 25. b4 Nf6 26. Kc1 Rg2 27. b5 c5 28. dxc5 Bxc5 29. Nd4 Kd7 30. Nf3 Qf2 31. Ne5+ Ke8 32. Nc6 Qxe3+ 33. Qxe3 Bxe3+ 34. Kb2 R8g7 35. Rhe1 R2g3 36. Ra3 d4 37. Rd3 Ne4 38. Nxd4 Bxd4+ 39. Rxd4 Rd7 40. Rc4 Nc5 41. Rxc5 bxc5 42. Rxe6+ Kd8 43. Rxh6 c4 44. Rh8+ Kc7 45. b6+ Kxb6 46. Rf8 Rd5 47. Rf6+ Ka5 48. h4 Rb5+ 49. Kc1 c3 50. Kd1 Rg2 0-1

[Event "Utrecht OKU op-B"]
[Site "Utrecht"]
[Date "2000.05.20"]
[Round "4"]
[White "Sternau, Almar"]
[Black "Kalinalti, C."]
[Result "1-0"]
[WhiteElo "1826"]
[BlackElo "1646"]
[PlyCount "35"]
[EventDate "2000.05.??"]
[EventType "swiss"]
[EventRounds "6"]
[EventCountry "NED"]
[SourceTitle "EXT 2002"]
[Source "ChessBase"]
[SourceDate "2001.11.25"]
[SourceVersion "1"]
[SourceVersionDate "2001.11.25"]
[SourceQuality "1"]

1. e4 Nf6 2. e5 Nd5 3. d4 Nc6 4. c4 Nb6 5. Nc3 d5 6. exd6 cxd6 7. a4 Nb4 8. a5 Nd7 9. Qa4 Nc6 10. Nf3 e5 11. Be3 Qe7 12. Nd5 Qd8 13. Bd3 Ne7 14. dxe5 Nxd5 15. cxd5 Be7 16. e6 Bf6 17. exd7+ Bxd7 18. Qe4+ 1-0

[Event "Utrecht OKU op-B"]
[Site "Utrecht"]
[Date "2000.05.20"]
[Round "2"]
[White "Van Houten, Henk"]
[Black "Kalinalti, C."]
[Result "0-1"]
[WhiteElo "1630"]
[BlackElo "1646"]
[PlyCount "100"]
[EventDate "2000.05.??"]
[EventType "swiss"]
[EventRounds "6"]
[EventCountry "NED"]
[SourceTitle "EXT 2002"]
[Source "ChessBase"]
[SourceDate "2001.11.25"]
[SourceVersion "1"]
[SourceVersionDate "2001.11.25"]
[SourceQuality "1"]

1. e4 Nf6 2. d3 Nc6 3. c4 e5 4. h3 Bc5 5. Ne2 d6 6. g4 Be6 7. Ng3 g6 8. Nc3 Nd7 9. Nd5 Bxd5 10. exd5 Nd4 11. Bg2 Qe7 12. Bd2 a6 13. b4 Ba7 14. 0-0 f5 15. gxf5 gxf5 16. Qh5+ Qf7 17. Qh4 f4 18. Rfe1 fxg3 19. c5 Nf5 20. Qe4 Qg6 21. f3 a5 22. a3 Nf6 23. Qc4 0-0 24. Kh1 Ne7 25. f4 Ng4 26. Be4 Qh5 27. Bg2 Nf2+ 28. Kg1 Nxh3+ 29. Bxh3 Qxh3 30. Re2 Ng6 31. Qe4 axb4 32. axb4 dxc5 33. bxc5 Bxc5+ 34. Be3 Bxe3+ 35. Qxe3 exf4 36. Qe6+ Qxe6 37. dxe6 Rae8 38. d4 Rf6 39. d5 Re7 40. Rc2 c6 41. dxc6 bxc6 42. Rxc6 Rfxe6 43. Rc3 h5 44. Kg2 Kh7 45. Rc5 Kh6 46. Rh1 Re5 47. Rc4 Rg5 48. Rf1 f3+ 49. Kg1 f2+ 50. Kg2 Nf4+ 0-1